00327nam a2200121Ia 4500100002800000650001600028654001300044245006400057260004600121082001800167300000800185546001200193 aBelove/A/ Drossman/M.H  aAutomobiles acircuits aSystem and circuits for electrical engineering technologyoy bInternational student ed.aNew Yorkc1976 a621.3192bBEL a662 aENGLISH